Ricostruisci la Carriera del Calciatore - Andrés Guardado - Statistics

Statistiche generali
  • Questo quiz è stato fatto 5 volte
  • Il punteggio medio è 2 su 7
Statistiche sulle risposte
Hint Risposta % Corretto
2005-2007 Atlas
67%
2024- León
67%
2014-2017 PSV
33%
2014 Bayer Leverkusen
0%
2017-2024 Betis
0%
2007-2012 Deportivo La Coruña
0%
2012-2014 Valencia
0%
Nessun quiz corrispondente trovato
Distribuzione punteggi
Percentuale di utenti per punteggio
Percentile per numero di risposta
I tuoi punteggi nel tempo
Non hai fatto questo quiz